[Event "HUN Ch"]
[Site "Budapest HUN"]
[Date "1978.??.??"]
[Round "?"]
[White "Kovacs, Laszlo M"]
[Black "Farago, Ivan"]
[Result "0-1"]
[WhiteElo "2400"]
[BlackElo "2510"]
[PlyCount "116"]
[EventDate "1978.12.??"]
[Source "www.chesslib.no"]
[SourceDate "2004.05.04"]

1. d4 e6 2. c4 Nf6 3. Nc3 Bb4 4. e3 O-O 5. Bd3 c5 6. Nf3 d5 7. O-O b6 8. Qe2 Bb7 9. Rd1 Nbd7 10. a3 Bxc3 11. bxc3 dxc4 12. Bxc4 Qc7 13. Bd3 e5 14. Bf5 cxd4 15. cxd4 e4 16. Ne1 Nd5 17. Bd2 N7f6 18. Rdc1 Qd6 19. Qb5 g6 20. Bh3 a5 21. a4 Ba6 22. Qc6 Qxc6 23. Rxc6 Bc8 24. Bxc8 Rfxc8 25. Rac1 Rxc6 26. Rxc6 Kf8 27. Nc2 Ke7 28. Na3 Kd7 29. Rc1 Ne8 30. Kf1 Nd6 31. Ke2 Rc8 32. Rxc8 Kxc8 33. Kd1 Kb7 34. Kc2 Kc6 35. Kb3 Nf6 36. f3 Nf5 37. Nc4 Nh4 38. d5+ Nxd5 39. fxe4 Nf6 40. Ne5+ Kc5 41. Bc3 Nxe4 42. Bd4+ Kd5 43. Nxf7 Nc5+ 44. Bxc5 Kxc5 45. g4 Nf3 46. h3 Kd5 47. Kc3 Ke6 48. Nd8+ Kd7 49. Nf7 Ke7 50. Nh6 Kf6 51. Ng8+ Kf7 52. Nh6+ Kg7 53. g5 Nxg5 54. Ng4 Nxh3 55. Kc4 h5 56. Nh2 g5 57. Kb5 g4 58. Kxb6 Ng5 0-1

[Event "Zagreb Vukovar"]
[Site "Zagreb"]
[Date "1993.??.??"]
[Round "4"]
[White "Spraggett, Kevin"]
[Black "Rosandic, Denis"]
[Result "1-0"]
[WhiteElo "2565"]
[BlackElo "2340"]
[PlyCount "79"]
[EventDate "1993.05.??"]
[Source "ChessBase"]

1. d4 d5 2. c4 e6 3. Nf3 Nf6 4. Nc3 Bb4 5. e3 O-O 6. Bd3 c5 7. O-O cxd4 8. exd4 Be7 9. cxd5 exd5 10. h3 Nc6 11. Bf4 h6 12. Qd2 Re8 13. Rfe1 Be6 14. Rad1 a6 15. Bb1 Bf8 16. Ne5 Qc8 17. a3 Bf5 18. Ba2 Qd8 19. f3 Rc8 20. Kh1 Na5 21. g4 Be6 22. Bg3 b5 23. f4 b4 24. axb4 Bxb4 25. f5 Bd7 26. Qd3 Bxc3 27. bxc3 Bb5 28. Qf3 Bc4 29. Bxc4 Nxc4 30. Bh4 Nb6 31. Ra1 Ra8 32. Rg1 Qd6 33. g5 hxg5 34. Rxg5 Rxe5 35. dxe5 Qxe5 36. Rag1 Ne8 37. Bf2 f6 38. R5g4 Nd7 39. Bd4 Qd6 40. Qg2 1-0

[Event "Capablanca mem Premier II"]
[Site "Havana"]
[Date "2002.05.06"]
[Round "11"]
[White "Almeida, Omar"]
[Black "Gongora, Maikel"]
[Result "0-1"]
[WhiteElo "2484"]
[BlackElo "2408"]
[PlyCount "64"]
[EventDate "2002.05.06"]
[Source "ChessBase"]
[SourceDate "2002.07.08"]

1. d4 Nf6 2. c4 e6 3. Nf3 d5 4. Nc3 Bb4 5. e3 O-O 6. a3 Bxc3+ 7. bxc3 c5 8. cxd5 exd5 9. Bd3 b6 10. Qe2 Bg4 11. O-O Nc6 12. a4 c4 13. Bc2 Re8 14. Qe1 Qd7 15. Ba3 Rad8 16. Nh4 g5 17. f3 Be6 18. f4 gxh4 19. Qxh4 Bf5 20. Qg5+ Bg6 21. f5 Ne4 22. Bxe4 Rxe4 23. f6 Rg4 24. Qh6 Be4 25. g3 Rg6 26. Qf4 Kh8 27. Ra2 Rdg8 28. Raf2 Nd8 29. Qe5 Ne6 30. Rb2 Ng5 31. Kf2 Nf3 32. Qf4 Qh3 0-1

[Event "Maribor"]
[Site "Maribor"]
[Date "1989.??.??"]
[Round "?"]
[White "Lukov, Valentin"]
[Black "Barle, Janez"]
[Result "1/2-1/2"]
[WhiteElo "2470"]
[BlackElo "2420"]
[PlyCount "70"]
[EventDate "1989.??.??"]
[Source "www.chesslib.no"]
[SourceDate "2004.05.04"]

1. d4 Nf6 2. c4 e6 3. Nc3 Bb4 4. e3 c5 5. Bd3 O-O 6. Nf3 d5 7. O-O b6 8. a3 Bxc3 9. bxc3 Ba6 10. cxd5 Bxd3 11. Qxd3 Qxd5 12. Re1 Qe4 13. Qe2 Nbd7 14. Ng5 Qg4 15. Qxg4 Nxg4 16. e4 cxd4 17. cxd4 Rac8 18. Nf3 Rc2 19. Bd2 Ngf6 20. a4 Rfc8 21. a5 b5 22. a6 Nb6 23. Bg5 h6 24. Bxf6 gxf6 25. Reb1 b4 26. Kf1 R8c4 27. Rb3 R2c3 28. Rab1 Rxb3 29. Rxb3 f5 30. exf5 Rc1+ 31. Ne1 Nd5 32. fxe6 fxe6 33. Ke2 Nc3+ 34. Kf1 Nd5 35. Ke2 Nc3+ 1/2-1/2

[Event "Rimavska Sobota"]
[Site "Rimavska Sobota"]
[Date "1990.??.??"]
[Round "6"]
[White "Bandza, Algirdas"]
[Black "Palac, Mladen"]
[Result "1/2-1/2"]
[WhiteElo "2380"]
[BlackElo "2505"]
[PlyCount "48"]
[EventDate "1990.06.??"]
[Source "ChessBase"]

1. d4 Nf6 2. c4 e6 3. Nf3 d5 4. Nc3 Bb4 5. e3 c5 6. a3 Bxc3+ 7. bxc3 O-O 8. Be2 dxc4 9. Bxc4 Qc7 10. Be2 Nbd7 11. O-O b6 12. a4 Bb7 13. a5 Rac8 14. Nd2 e5 15. Bb2 Qc6 16. e4 cxd4 17. cxd4 Qc2 18. dxe5 Qxb2 19. exf6 Nxf6 20. Nc4 Qb4 21. Rb1 Qc5 22. Nd6 Rb8 23. axb6 Bxe4 24. Nxe4 Nxe4 1/2-1/2

[Event "Budapest Elekes"]
[Site "Budapest"]
[Date "1985.??.??"]
[Round "?"]
[White "Danner, Georg"]
[Black "Groszpeter, Attila"]
[Result "1/2-1/2"]
[WhiteElo "2415"]
[BlackElo "2470"]
[PlyCount "49"]
[EventDate "1985.05.??"]
[Source "ChessBase"]

1. d4 Nf6 2. c4 e6 3. Nc3 Bb4 4. e3 O-O 5. Bd3 c5 6. Nf3 d5 7. O-O b6 8. cxd5 exd5 9. Ne5 Bxc3 10. bxc3 Ba6 11. f3 Re8 12. Re1 Bxd3 13. Qxd3 Qc8 14. e4 cxd4 15. cxd4 dxe4 16. fxe4 Nc6 17. Bf4 Nh5 18. Nxc6 Qxc6 19. Be5 Rac8 20. Rad1 f6 21. d5 Qc2 22. Bd6 Qxd3 23. Rxd3 Red8 24. g4 Rxd6 25. gxh5 1/2-1/2

[Event "Ptuj"]
[Site "Ptuj"]
[Date "1993.??.??"]
[Round "?"]
[White "Jelen, Iztok"]
[Black "Petrosian, Arshak B"]
[Result "1/2-1/2"]
[WhiteElo "2390"]
[BlackElo "2485"]
[PlyCount "30"]
[EventDate "1993.11.??"]
[Source "ChessBase"]

1. d4 Nf6 2. c4 e6 3. Nc3 Bb4 4. e3 O-O 5. Bd3 d5 6. a3 Bxc3+ 7. bxc3 dxc4 8. Bxc4 c5 9. Nf3 Qc7 10. Ba2 Nc6 11. O-O e5 12. h3 e4 13. Nh2 b6 14. c4 Rd8 15. Bb2 Qe7 1/2-1/2

[Event "Budapest HUN"]
[Site "?"]
[Date "1999.08.03"]
[Round "5"]
[White "Szabo Zsolt"]
[Black "Lukacs Peter"]
[Result "1/2-1/2"]
[WhiteElo "2390"]
[BlackElo "2475"]
[PlyCount "65"]
[EventDate "1999.??.??"]
[Source "www.chesslib.no"]
[SourceDate "2004.05.04"]

1. d4 Nf6 2. c4 e6 3. Nc3 Bb4 4. e3 O-O 5. Bd3 d5 6. a3 Bxc3+ 7. bxc3 dxc4 8. Bxc4 c5 9. Nf3 Qc7 10. Bd3 Nbd7 11. e4 e5 12. O-O Re8 13. Re1 c4 14. Bc2 a6 15. Bg5 exd4 16. cxd4 Nf8 17. Bxf6 gxf6 18. Qd2 Ng6 19. e5 fxe5 20. Qh6 f5 21. dxe5 Qg7 22. Qe3 b5 23. Rad1 Ra7 24. h4 Rae7 25. Qg5 h6 26. Qg3 Kh7 27. Rd5 Bb7 28. Nd4 Rxe5 29. Rexe5 Nxe5 30. Qxg7+ Kxg7 31. Nxf5+ Kf6 32. Rd4 Nf7 33. Ne3 1/2-1/2

[Event "Basel"]
[Site "Basel SUI"]
[Date "1986.??.??"]
[Round "?"]
[White "Nemet, Ivan"]
[Black "Wirthensohn, Heinz"]
[Result "1/2-1/2"]
[WhiteElo "2415"]
[BlackElo "2445"]
[PlyCount "51"]
[EventDate "1986.??.??"]
[Source "www.chesslib.no"]
[SourceDate "2004.05.04"]

1. d4 Nf6 2. c4 e6 3. Nc3 Bb4 4. e3 d5 5. Nf3 c5 6. a3 Bxc3+ 7. bxc3 O-O 8. Bd3 dxc4 9. Bxc4 Qc7 10. Qd3 b6 11. O-O Bb7 12. Ne5 Bd5 13. Bxd5 exd5 14. c4 cxd4 15. Qxd4 Rd8 16. Bb2 Nc6 17. Nxc6 Qxc6 18. Rac1 dxc4 19. Rxc4 Qe6 20. Qh4 Rac8 21. Rxc8 Rxc8 22. Qg3 h6 23. h3 Kh7 24. Rd1 Rc6 25. Rd8 Qf5 26. Bxf6 1/2-1/2

[Event "3rd Autumn"]
[Site "Alushta"]
[Date "2004.09.18"]
[Round "13"]
[White "Kuzubov, Yuriy"]
[Black "Khurtsidze, Nino"]
[Result "1/2-1/2"]
[WhiteElo "2467"]
[BlackElo "2391"]
[PlyCount "61"]
[EventDate "2004.09.10"]
[Source "Roberto Alvarez"]
[SourceDate "2004.10.05"]

1. d4 d5 2. c4 e6 3. Nf3 Nf6 4. Nc3 Bb4 5. a3 Bxc3+ 6. bxc3 c5 7. e3 O-O 8. cxd5 exd5 9. Bd3 Nc6 10. O-O Re8 11. h3 c4 12. Bc2 Ne4 13. Bb2 Bf5 14. a4 Qf6 15. Rb1 b6 16. Re1 Re6 17. Qe2 Rae8 18. Kh2 h5 19. Rf1 g5 20. Rbe1 g4 21. Nd2 Qg5 22. Nxe4 Bxe4 23. Bxe4 Rxe4 24. Bc1 Qg6 25. f3 g3+ 26. Kg1 R4e6 27. e4 Na5 28. e5 h4 29. Bf4 Kh7 30. Rb1 Nb3 31. Be3 1/2-1/2

[Event "Spring Open"]
[Site "Budapest HUN"]
[Date "1991.??.??"]
[Round "4"]
[White "Zsinka, Laszlo"]
[Black "Ikonnikov, Vyacheslav"]
[Result "1/2-1/2"]
[WhiteElo "2375"]
[BlackElo "2480"]
[PlyCount "53"]
[EventDate "1991.03.??"]
[Source "www.chesslib.no"]
[SourceDate "2004.05.04"]

1. d4 Nf6 2. c4 e6 3. Nc3 Bb4 4. e3 O-O 5. Bd3 d5 6. Nf3 c5 7. O-O b6 8. a3 Bxc3 9. bxc3 Ba6 10. cxd5 Qxd5 11. Bxa6 Nxa6 12. Qe2 Qb7 13. Bb2 Rac8 14. Rfe1 Ne4 15. c4 Nc7 16. Nd2 Nxd2 17. Qxd2 Rfd8 18. Rac1 Ne8 19. Red1 cxd4 20. exd4 Nd6 21. Qe2 Qe4 22. Qxe4 Nxe4 23. Kf1 f6 24. Ke2 Kf7 25. f3 Nd6 26. c5 Nb7 27. cxb6 1/2-1/2

[Event "Tch"]
[Site "Sofia Tch"]
[Date "1980.??.??"]
[Round "?"]
[White "Inkiov, Ventzislav V"]
[Black "Padevsky, Nikola B"]
[Result "1-0"]
[WhiteElo "2435"]
[BlackElo "2415"]
[PlyCount "79"]
[EventDate "1980.??.??"]
[Source "www.chesslib.no"]
[SourceDate "2004.05.04"]

1. d4 Nf6 2. c4 e6 3. Nc3 Bb4 4. e3 c5 5. Nf3 d5 6. Bd3 O-O 7. O-O b6 8. cxd5 exd5 9. Ne5 Bb7 10. a3 Bxc3 11. bxc3 Nc6 12. Nxc6 Bxc6 13. f3 Qd7 14. Re1 Rfe8 15. Qe2 Re7 16. Qf2 g6 17. Qh4 Ne8 18. Ra2 Nd6 19. e4 dxe4 20. fxe4 cxd4 21. e5 Ne8 22. Bg5 Re6 23. cxd4 Rc8 24. Rf2 f5 25. Re3 Ng7 26. Rh3 h5 27. Rg3 Bb5 28. Bxb5 Qxb5 29. h3 Rc4 30. Kh2 Rxe5 31. Bf6 Re4 32. Rf4 Qe8 33. Rxe4 fxe4 34. Be5 e3 35. Rxe3 Rc6 36. Rf3 Re6 37. Qg5 Kh7 38. g4 Qe7 39. Qf4 Kg8 40. gxh5 1-0

[Event "World Open"]
[Site "Philadelphia, PA USA"]
[Date "1989.??.??"]
[Round "8"]
[White "Schulien, Charles"]
[Black "Petursson, Margeir"]
[Result "1-0"]
[WhiteElo "2320"]
[BlackElo "2530"]
[PlyCount "111"]
[EventDate "1989.06.??"]
[Source "www.chesslib.no"]
[SourceDate "2004.05.04"]

1. d4 Nf6 2. c4 e6 3. Nc3 Bb4 4. e3 O-O 5. Bd3 d5 6. Nf3 c5 7. O-O b6 8. cxd5 exd5 9. a3 Bxc3 10. bxc3 Ba6 11. Bxa6 Nxa6 12. Qd3 c4 13. Qc2 Nb8 14. a4 Nc6 15. Ba3 Re8 16. Rae1 Ne4 17. Re2 f5 18. Ne1 Qg5 19. g3 Ne7 20. f3 Nf6 21. Ng2 Ng6 22. Bc1 Qh5 23. h4 Ne7 24. Nf4 Qf7 25. Rg2 Kh8 26. Nh3 h6 27. Nf2 Qe6 28. Nh3 Kg8 29. Nf4 Qd7 30. Nh3 b5 31. axb5 Qxb5 32. Ba3 Qb3 33. Qc1 Nc6 34. Bd6 Qb7 35. Rb2 Qd7 36. Bf4 a5 37. Rb6 Re6 38. Qb1 Qe8 39. Qb5 a4 40. Ra1 a3 41. Kf2 Ra5 42. Qb1 Qh5 43. Bc7 Qe8 44. Rxc6 Rxe3 45. Nf4 Ra8 46. Rb6 Nd7 47. Rg6 Rxc3 48. Nxd5 Rd3 49. Be5 Rb8 50. Qxb8 Nxb8 51. Nf6+ Kf7 52. Nxe8 Kxg6 53. Bxb8 Rb3 54. Bd6 Rb2+ 55. Ke3 a2 56. d5 1-0

[Event "RUS-Cup4"]
[Site "Perm"]
[Date "1997.02.08"]
[Round "1"]
[White "Sergeev, Nickolay"]
[Black "Brodsky, Michail"]
[Result "1/2-1/2"]
[WhiteElo "2330"]
[BlackElo "2515"]
[PlyCount "63"]
[EventDate "1997.02.02"]
[Source "ChessBase"]

1. d4 Nf6 2. c4 e6 3. Nc3 Bb4 4. e3 O-O 5. Nf3 c5 6. Bd3 d5 7. a3 Bxc3+ 8. bxc3 dxc4 9. Bxc4 Qa5 10. Qc2 cxd4 11. exd4 Nbd7 12. O-O b6 13. Bd2 Ba6 14. Bxa6 Qxa6 15. c4 Rfc8 16. Rfc1 Rc6 17. Bg5 Rac8 18. Nd2 h6 19. Bxf6 Nxf6 20. a4 Ne8 21. Ra3 Qa5 22. Rc3 Nf6 23. Qb3 e5 24. dxe5 Qxe5 25. Nf1 Ne4 26. R3c2 Nc5 27. Qa3 Rd6 28. a5 Nd3 29. Rd1 Nb4 30. Rxd6 Qxd6 31. axb6 Qxb6 32. Rc1 1/2-1/2

[Event "Rovno"]
[Site "Rovno"]
[Date "2000.??.??"]
[Round "6"]
[White "Bets, Anatolij"]
[Black "Savon, Vladimir A"]
[Result "1/2-1/2"]
[WhiteElo "2413"]
[BlackElo "2423"]
[PlyCount "92"]
[EventDate "2000.01.20"]
[Source "ChessBase"]
[SourceDate "2000.05.31"]

1. d4 Nf6 2. c4 e6 3. Nc3 Bb4 4. e3 O-O 5. Bd3 c5 6. Nf3 d5 7. a3 cxd4 8. exd4 Bxc3+ 9. bxc3 dxc4 10. Bxc4 Qc7 11. Qd3 b6 12. Ne5 Bb7 13. f3 Nbd7 14. Nxd7 Nxd7 15. Ba2 Rac8 16. Bd2 Bd5 17. Bb1 f5 18. Ba2 Nf6 19. O-O Bxa2 20. Rxa2 Qc4 21. Qxc4 Rxc4 22. a4 Nd5 23. Ra3 Rfc8 24. Rc1 Kf7 25. Kf2 Ke7 26. Ke2 Kd7 27. g4 Ke7 28. gxf5 exf5 29. Rg1 Kf8 30. Kd3 R4c7 31. Re1 Rd7 32. c4 Ne7 33. d5 Nc6 34. Bc3 Nd8 35. Re5 g6 36. a5 Nc6 37. Re6 b5 38. Rf6+ Ke8 39. cxb5 Rxd5+ 40. Kc4 Ne7+ 41. Rc6 Rxc6+ 42. bxc6 Rd6 43. Rb3 Rxc6+ 44. Kd3 Rd6+ 45. Kc4 Rc6+ 46. Kd4 Rd6+ 1/2-1/2

[Event "Pernik"]
[Site "?"]
[Date "1978.??.??"]
[Round "7"]
[White "Peev Peicho Chonev"]
[Black "Minev Nikolay N"]
[Result "1/2-1/2"]
[WhiteElo "2440"]
[BlackElo "2390"]
[PlyCount "93"]
[EventDate "1978.??.??"]
[Source "www.chesslib.no"]
[SourceDate "2004.05.04"]

1. d4 Nf6 2. c4 e6 3. Nf3 d5 4. Nc3 Bb4 5. cxd5 exd5 6. a3 Bxc3+ 7. bxc3 c5 8. e3 O-O 9. Bd3 Bg4 10. h3 Bh5 11. O-O Nc6 12. a4 Re8 13. Ba3 Ne4 14. Qc2 cxd4 15. cxd4 Rc8 16. Qb2 Qd7 17. Ne5 Nxe5 18. dxe5 a6 19. f4 Bg6 20. g4 Nc5 21. Bxc5 Bxd3 22. Rfc1 Rc6 23. Qd4 Be4 24. Kh2 Rec8 25. a5 Qc7 26. Ba3 Rc2+ 27. Kg1 Qxa5 28. Rxc2 Rxc2 29. Qb4 Qxb4 30. Bxb4 Rg2+ 31. Kf1 Rh2 32. Ra3 Rxh3 33. f5 h5 34. e6 fxe6 35. fxe6 hxg4 36. Rc3 Rh1+ 37. Kf2 Rh2+ 38. Kg3 Rc2 39. Rxc2 Bxc2 40. Kxg4 b6 41. Bd6 a5 42. Bc7 a4 43. Bxb6 a3 44. Bd4 a2 45. Kg5 Be4 46. Kf4 Kf8 47. e7+ 1/2-1/2

[Event "EU-chT (Men)"]
[Site "Debrecen"]
[Date "1992.??.??"]
[Round "6"]
[White "Norri, Joose"]
[Black "Barle, Janez"]
[Result "1/2-1/2"]
[WhiteElo "2395"]
[BlackElo "2430"]
[PlyCount "96"]
[EventDate "1992.11.??"]
[Source "ChessBase"]

1. d4 Nf6 2. c4 e6 3. Nc3 Bb4 4. e3 c5 5. Bd3 d5 6. Nf3 O-O 7. O-O b6 8. cxd5 exd5 9. a3 Bxc3 10. bxc3 Ba6 11. Bxa6 Nxa6 12. Qd3 c4 13. Qc2 Qc7 14. Nh4 Rfe8 15. f3 g6 16. Bd2 Qc6 17. Rae1 Re6 18. g4 Rae8 19. Re2 b5 20. Ng2 Nc7 21. Be1 a5 22. Bh4 Qb6 23. Rb1 h5 24. g5 Nd7 25. Bf2 Qb7 26. Nf4 R6e7 27. Rbe1 b4 28. axb4 axb4 29. cxb4 Qxb4 30. Bg3 Qb6 31. Kg2 Nf8 32. Nh3 Nfe6 33. Be5 Qc6 34. Kg1 Ra8 35. e4 Ra3 36. Re3 Rxe3 37. Rxe3 Re8 38. Qf2 Ra8 39. f4 dxe4 40. f5 Ng7 41. fxg6 fxg6 42. Qf6 Qd7 43. Nf4 Qg4+ 44. Kf2 Nce8 45. Qxg6 Qh4+ 46. Kg2 Qg4+ 47. Kf2 Qh4+ 48. Kg2 Qg4+ 1/2-1/2

[Event "HUN-ch"]
[Site "Budapest"]
[Date "1976.??.??"]
[Round "6"]
[White "Farago, Ivan"]
[Black "Eperjesi, Laszlo"]
[Result "1-0"]
[WhiteElo "2420"]
[BlackElo "2395"]
[PlyCount "83"]
[EventDate "1976.12.??"]
[Source "ChessBase"]

1. d4 Nf6 2. c4 e6 3. Nc3 Bb4 4. e3 c5 5. Bd3 O-O 6. Nf3 d5 7. O-O b6 8. cxd5 exd5 9. Ne5 Bb7 10. Bd2 Nc6 11. a3 Nxe5 12. dxe5 Bxc3 13. Bxc3 Ne4 14. Bxe4 dxe4 15. Qg4 Qe7 16. Rfd1 Qe6 17. Qh4 Bd5 18. f4 exf3 19. e4 f2+ 20. Kxf2 Bb3 21. Rd6 Qe8 22. Re1 Rd8 23. Kg1 Rd7 24. Re3 Be6 25. Rg3 Kh8 26. Bd2 f5 27. exf6 Rxf6 28. Bc3 Rf1+ 29. Kxf1 Qf8+ 30. Kg1 Qxd6 31. h3 Bg8 32. Qg5 Qe7 33. Qf4 Qe8 34. h4 Qh5 35. Rg5 Qh6 36. g3 Qe6 37. h5 Qh3 38. Qf3 Rf7 39. Bxg7+ Rxg7 40. Qc3 Qd7 41. h6 Qd1+ 42. Kf2 1-0

[Event "Sollentuna Open"]
[Site "Sollentuna"]
[Date "1995.??.??"]
[Round "6"]
[White "Agrest, Evgenij"]
[Black "Andersson, Mats"]
[Result "1-0"]
[WhiteElo "2460"]
[BlackElo "2350"]
[PlyCount "75"]
[EventDate "1995.??.??"]
[Source "www.chesslib.no"]
[SourceDate "2004.05.04"]

1. d4 Nf6 2. c4 e6 3. Nc3 Bb4 4. e3 O-O 5. Bd3 d5 6. Nf3 c5 7. O-O b6 8. cxd5 exd5 9. dxc5 bxc5 10. Na4 Nbd7 11. Bd2 Rb8 12. Rc1 Qa5 13. b3 Ne4 14. Bxb4 Qxb4 15. Qc2 Bb7 16. Rfd1 Bc6 17. Nc3 Nxc3 18. Qxc3 a5 19. Bf5 a4 20. Qxb4 Rxb4 21. Bxd7 Bxd7 22. Rxc5 axb3 23. axb3 Bg4 24. Rd3 Bxf3 25. gxf3 d4 26. exd4 Rd8 27. d5 Kf8 28. d6 Rb6 29. d7 Ke7 30. Rcd5 Ke6 31. R5d4 Rb7 32. Re3+ Kf5 33. Rd5+ Kg6 34. Rd6+ f6 35. Red3 Kf5 36. Kf1 Ke5 37. Ke2 Rxb3 38. f4+ 1-0

[Event "Don Benito (Spain)"]
[Site "?"]
[Date "2004.08.26"]
[Round "5"]
[White "Mascaro March Pedro"]
[Black "Veingold Aleksandr"]
[Result "1/2-1/2"]
[WhiteElo "2323"]
[BlackElo "2473"]
[PlyCount "29"]
[EventDate "2004.??.??"]
[Source "www.chesslib.no"]
[SourceDate "2004.05.04"]

1. d4 Nf6 2. c4 e6 3. Nc3 Bb4 4. e3 O-O 5. Bd3 d5 6. Nf3 c5 7. cxd5 exd5 8. dxc5 Nc6 9. O-O Bxc5 10. b3 Bg4 11. Bb2 a6 12. Be2 Qd6 13. Nd4 Bxd4 14. Bxg4 Be5 15. f4 1/2-1/2

[Event "EU-chT (Men)"]
[Site "Pula"]
[Date "1997.??.??"]
[Round "5"]
[White "Muir, Andrew J"]
[Black "Bogdanovski, Vlatko"]
[Result "1/2-1/2"]
[WhiteElo "2300"]
[BlackElo "2495"]
[PlyCount "82"]
[EventDate "1997.05.05"]
[Source "ChessBase"]

1. d4 Nf6 2. c4 e6 3. Nc3 Bb4 4. e3 O-O 5. Bd3 d5 6. Nf3 c5 7. O-O b6 8. cxd5 exd5 9. a3 Bxc3 10. bxc3 Ba6 11. Bxa6 Nxa6 12. a4 Re8 13. Ne5 Qc7 14. Ba3 Rac8 15. Qd3 Qb7 16. Rfc1 c4 17. Qc2 Re6 18. Re1 Nb8 19. f3 Nc6 20. Nxc6 Qxc6 21. Re2 Rce8 22. Rae1 h5 23. Bc1 Qb7 24. Kh1 Qe7 25. Kg1 a6 26. Qb1 Qb7 27. Ba3 g6 28. Bc1 Kg7 29. Kh1 h4 30. Qc2 Qe7 31. Kg1 Qb7 32. Qb1 Qa8 33. Qc2 Qc6 34. Kh1 R8e7 35. Ba3 Re8 36. Bc1 a5 37. Kg1 Qb7 38. Qb1 Qc6 39. Qc2 R8e7 40. Ba3 Re8 41. Bc1 Qb7 1/2-1/2

[Event "Cup Independence (open)"]
[Site "Kiev (Ukraine)"]
[Date "2007.08.13"]
[Round "1"]
[White "Julin Alexei (UKR)"]
[Black "Zontakh Andrey (UKR)"]
[Result "0-1"]
[WhiteElo "2236"]
[BlackElo "2545"]
[PlyCount "64"]
[EventDate "2007.??.??"]
[Source "www.chesslib.no"]
[SourceDate "2004.05.04"]

1. d4 Nf6 2. c4 e6 3. Nc3 Bb4 4. e3 O-O 5. Bd3 d5 6. a3 Bxc3+ 7. bxc3 dxc4 8. Bxc4 c5 9. Nf3 Nbd7 10. O-O b6 11. a4 Bb7 12. Ba3 Qc7 13. Rc1 Ng4 14. Re1 Bxf3 15. Qxf3 Qxh2+ 16. Kf1 Qh4 17. Ke2 Nge5 18. g3 Nxf3 19. gxh4 Nxe1 20. Rxe1 Rac8 21. Bb5 Nf6 22. dxc5 bxc5 23. f3 Nd5 24. c4 Nb4 25. Bxb4 cxb4 26. a5 Rc5 27. a6 Rd8 28. Rb1 Rh5 29. Rxb4 Rxh4 30. f4 Rh2+ 31. Kf3 f5 32. Bc6 h5 0-1